000 01042nam a22003017a 4500
001 6373
003 FISKH
005 20250425085611.0
008 250425b cb ||||| |||| 00| 0 eng d
020 _a0439520002
040 _aFISKH
_beng
_cFISKH
_dFISKH
050 _aPZ7.K6797 H
082 _a514
100 _aKline, Suzy
_d(1943-)
245 _aHorrible Harry goes to sea /
_cBy Suzy Kline ; Pictures by Frank Remkiewicz
250 _aThis edition first published in 2003
260 _aNew York :
_bScholastic,
_c2001
300 _a57 pages :
_billustrations ;
_c20 cm
505 _aN
520 _aThe students in Miss Mickle's third-grade class enjoy a boat trip on the Connecticut River after a class discussion of ancestors reveals that Sidney and Ida both have connections to the sea.
521 8 _a530
_bLexile
521 8 _aN
_bRaz-Plus
650 _2Field trip
_aHorrible Harry
650 _2Humor
_aBeginning chapter book
700 _aRemkiewicz, Frank
_dillustrator
942 _2ddc
_cBK
_n0
999 _c6373
_d6373